01466 a2200229 4500003000500000005001700005010001600022020002900038020004400067040000900111082001600120100002600136245005800162250001200220260004500232300003900277505070200316650003401018700002601052856008501078856007301163Nust20221121101611.0 a 97050343 a0028028333 (student ed.) a0028028384 (instructor's annotated ed.) cNust00a621.381,MAL1 aMalvino, Albert Paul.10aMalvino electronic principles /cAlbert Paul Malvino. a6th ed. aNew York :bGlencoe/McGraw-Hill,cc1999. axi, 1012 p. :bcol. ill. ;c27 cm. aIntroduction (Page-1), Semiconductors (Page-30), Diode Theory (Page-62), Diode Circuits (Page-90), Special-Purpose Diodes (Page-144), Bipolar Transistors (Page-188), Transistor Fundamentals (Page-220), Transistor Biasing (Page-258), AC Models (Page-282), Voltage Amplifiers (Page-312), Power Amplifiers (Page-340), Emitter Followers (Page-378), Jfets (Page-420), Mosfets (Page-466), Thyristors (Page-494), Frequency Effects (Page-524), Differential Amplifiers (Page-570), Operational Amplifiers (Page-616), Negative Feedback (Page-662), Linear op-AMP Circuits (Page-692), Active Filters (Page-742), Nonlinear op-AMP Circuits (Page-806), Oscillators (Page-854), Regulated Power Supplies (Page-906). 0aTelecommunication Engineering1 aMalvino, Albert Paul.423Publisher descriptionuhttp://www.loc.gov/catdir/description/mh031/97050343.html423Table of contentsuhttp://www.loc.gov/catdir/toc/mh031/97050343.html